Library Banner

Getting to the top (Record no. 23983)

MARC details
000 -LEADER
fixed length control field 00451nam a2200181Ia 4500
001 - CONTROL NUMBER
control field 23762
008 - FIXED-LENGTH DATA ELEMENTS--GENERAL INFORMATION
fixed length control field 140410s9999 xx 000 0 und d
020 ## - INTERNATIONAL STANDARD BOOK NUMBER
International Standard Book Number 0-7494-0517-1
040 ## - CATALOGING SOURCE
Transcribing agency PK-LaUMT
082 ## - DEWEY DECIMAL CLASSIFICATION NUMBER
Classification number 658.409
Item number BOW-G
100 ## - MAIN ENTRY--PERSONAL NAME
Personal name Catherine Brady
245 ## - TITLE STATEMENT
Title Getting to the top
Statement of responsibility, etc Catherine Brady<>Geraldine Bown
260 ## - PUBLICATION, DISTRIBUTION, ETC. (IMPRINT)
Place of publication, distribution, etc London,UK:
Name of publisher, distributor, etc Kogan Page,
Date of publication, distribution, etc 1993
300 ## - PHYSICAL DESCRIPTION
Extent 157 p.
546 ## - LANGUAGE NOTE
Language note EN
700 ## - ADDED ENTRY--PERSONAL NAME
Personal name Geraldine Bown
942 ## - ADDED ENTRY ELEMENTS (KOHA)
Koha item type Books
Holdings
Withdrawn status Lost status Damaged status Not for loan Home library Current library Date acquired Total Checkouts Full call number Barcode Date last seen Price effective from Koha item type
        UMT Main Campus UMT Main Campus 2014-04-10   658.409 BOW-G 25865 2014-04-24 2014-04-24 Books